000 00447nam a2200181Ia 4500
001 1351
005 20260306143722.0
008 260306t2003||||xx |||||||||||||| ||spa||
041 _aESP
082 _a196.1
_bG14
100 _aGalán, Ilia
_eAUT
245 0 _aArte, sociedad y mundo:
_b(una filosofía en pequeñas dosis)
260 _c2003
300 _a221 páginas :
_c20 cm.
650 _aGEN
654 _aCHU
942 _cLIB
_dJUS
_fJUS
_2ddc
_n
999 _c1351
_d1351